01231nam a2200313Ia 4500001001200000003000800012006001900020007001500039008004100054010001700095020001800112020001500130040002100145035002100166050002300187082001600210245011800226260004300344300002400387500007500411504005300486533015200539650001600691650000900707655002900716700002900745710001700774856012600791ebr10495978CaPaEBRm u cr cn|||||||||110831s2011 inua sb 101 0 eng d z 2011010053 z9781575061993 z1575061996 aCaPaEBRcCaPaEBR a(OCoLC)79281134114aBL221b.R43 2011eb04a211/.3422200aReconsidering the concept of revolutionary monotheismh[electronic resource] /cedited by Beate Pongratz-Leisten. aWinona Lake, IN :bEisenbrauns,c2011. axii, 370 p. :bill. aProceedings of a conference held in Feb. 2007 at Princeton University. aIncludes bibliographical references and indexes. aElectronic reproduction.bPalo Alto, Calif. :cebrary,d2011.nAvailable via World Wide Web.nAccess may be limited to ebrary affiliated libraries. 0aMonotheism. 0aGod. 7aElectronic books.2local1 aPongratz-Leisten, Beate.2 aebrary, Inc.40uhttp://site.ebrary.com/lib/rucke/Doc?id=10495978zAn electronic book accessible through the World Wide Web; click to view